[Event "ICS rated blitz match"]
[Site "204.178.125.65"]
[Date "2000.04.20"]
[Round "?"]
[White "PostModernist"]
[Black "Hossa"]
[Result "0-1"]
[WhiteElo "2615"]
[BlackElo "2365"]
[PlyCount "186"]
[EventDate "2000.??.??"]

1. d4 d5 2. Nf3 e6 3. c4 Nf6 4. Nc3 Bb4 5. e3 dxc4 6. Bxc4 Nc6 7. O-O O-O 8.
Qc2 Ba5 9. Bd2 Nb4 10. Qb1 Nc6 11. Rc1 Re8 12. a3 a6 13. b4 Bb6 14. Qd3 Rb8 15.
Na4 Ba7 16. b5 axb5 17. Bxb5 Bd7 18. Nc5 Bxc5 19. Rxc5 Na7 20. Bxd7 Nxd7 21.
Rg5 Nc6 22. Bc3 f6 23. Rb5 g6 24. Qd2 Nb6 25. e4 Nc4 26. Qe2 Nd6 27. Rbb1 f5
28. e5 Ne4 29. Bb2 Ra8 30. Qe3 g5 31. Ne1 Na5 32. Rc1 g4 33. f3 gxf3 34. Nxf3
b5 35. a4 bxa4 36. Rxa4 Rb8 37. Rc2 Rb3 38. Qc1 c6 39. Nd2 Rd3 40. Nxe4 fxe4
41. Qe1 Nb3 42. Rxc6 Qg5 43. Bc3 Qh5 44. Qxe4 Qd1+ 45. Be1 Nd2 46. Qh4 Rf8 47.
Rc8 Rdf3 48. Rxf8+ Rxf8 49. Ra8 Rxa8 50. Qg5+ Kf7 51. Qf6+ Ke8 52. Qxe6+ Kd8
53. Qg8+ Kc7 54. Qxh7+ Kb8 55. Qg8+ Kc7 56. Qg7+ Kc8 57. Qf8+ Kc7 58. Qc5+ Kd8
59. Qd6+ Ke8 60. Qe6+ Kd8 61. Qd5+ Ke7 62. Qc5+ Kf7 63. e6+ Kg6 64. Qe5 Nc4 65.
Qe4+ Kg7 66. e7 Nd6 67. Qe5+ Kf7 68. d5 Ke8 69. Qe6 Qd4+ 70. Kf1 Qf4+ 71. Kg1
Qe4 72. Qxe4 Nxe4 73. d6 Ra1 74. Kf1 Nxd6 75. Ke2 Kxe7 76. Bb4 Rh1 77. Bxd6+
Kxd6 78. h3 Ke7 79. Kf3 Rf1+ 80. Kg4 Kf6 81. Kh4 Kf5 82. g4+ Kf4 83. Kh5 Rh1
84. h4 Rh3 85. g5 Kf5 86. g6 Rg3 87. Kh6 Rxg6+ 88. Kh5 Rg4 89. Kh6 Kf6 90. h5
Rh4 91. Kh7 Rxh5+ 92. Kg8 Rh4 93. Kf8 Rh8# 0-1

[Event "ICS rated blitz match"]
[Site "204.178.125.65"]
[Date "2000.04.20"]
[Round "?"]
[White "Hossa"]
[Black "MissSilicon"]
[Result "1-0"]
[WhiteElo "2391"]
[BlackElo "2660"]
[PlyCount "302"]
[EventDate "2000.??.??"]

1. e4 e5 2. Nf3 Nf6 3. Nxe5 d6 4. Nf3 Nxe4 5. d4 d5 6. Bd3 Be7 7. O-O Nc6 8. c4
Bg4 9. cxd5 Qxd5 10. Re1 Nd6 11. Nc3 Qa5 12. d5 Nb4 13. Bf4 a6 14. Be2 Bf5 15.
Rc1 Nxa2 16. Nxa2 O-O 17. Qb3 Rfe8 18. Nc3 b5 19. Ne5 Qb6 20. Nc6 Bh4 21. g3
Bf6 22. Qa3 Ne4 23. Nxe4 Bxe4 24. Qa2 Bf5 25. Bf1 Be4 26. Be5 Bxe5 27. Rxe4 Bd6
28. Rce1 Rxe4 29. Rxe4 Qb7 30. b4 Kh8 31. Qc2 Rf8 32. Rh4 f5 33. Bh3 Qc8 34.
Qd3 Qd7 35. Qb1 Qf7 36. Bg2 Qf6 37. Rh5 g6 38. Rh3 Re8 39. Qc1 f4 40. Bf1 Kg7
41. gxf4 Bxf4 42. Qd1 Kh8 43. Ra3 Rf8 44. Qa1 Qxa1 45. Rxa1 Rf5 46. Bg2 Bd2 47.
Rxa6 Be1 48. Ra2 Rf4 49. Bf1 Bxb4 50. Bxb5 Bd6 51. Ra8+ Kg7 52. Bf1 Kf6 53. Re8
Bc5 54. Re2 Rf5 55. Bg2 Rf4 56. Bh3 Bd6 57. Be6 h6 58. Re1 Bc5 59. Re2 Bd6 60.
Bh3 Rh4 61. Re3 g5 62. Re6+ Kg7 63. Bf5 Bxh2+ 64. Kf1 Bf4 65. Ke2 Bd6 66. Rg6+
Kf7 67. Bd3 Kf8 68. Re6 Rh2 69. Rf6+ Kg7 70. Rg6+ Kf7 71. Nd8+ Ke8 72. Rg8+ Ke7
73. Nc6+ Kf7 74. Rh8 g4 75. Rh7+ Kf6 76. Ke3 h5 77. Kd4 Rxf2 78. Rxh5 g3 79.
Be4 Ba3 80. Kc4 g2 81. Rh6+ Kf7 82. Ne5+ Ke8 83. Rg6 Bd6 84. Nc6 Rf4 85. Kd3
g1=B 86. Rxg1 Rf2 87. Rg7 Kf8 88. Rg4 Kf7 89. Bg6+ Kf6 90. Be8 Rf1 91. Rg2 Rd1+
92. Kc4 Rc1+ 93. Kb3 Rd1 94. Rf2+ Kg5 95. Bf7 Re1 96. Nd4 Rc1 97. Kb2 Rd1 98.
Rf5+ Kh4 99. Ne6 Re1 100. Kc2 Kg4 101. Rg5+ Kf3 102. Bh5+ Ke3 103. Bd1 Ke4 104.
Rh5 Rf1 105. Be2 Rf2 106. Kd1 Rg2 107. Bc4 Rg1+ 108. Ke2 Rg2+ 109. Kf1 Rb2 110.
Rh7 Bg3 111. Rf7 Rc2 112. Ng5+ Kd4 113. Bb3 Rb2 114. Rf3 Bd6 115. Ne6+ Ke4 116.
Rc3 Be5 117. Rh3 Rb1+ 118. Ke2 Rb2+ 119. Kd1 Bd6 120. Rh4+ Kd3 121. Bc2+ Kc3
122. Rh3+ Kc4 123. Kc1 Rb4 124. Be4 Ra4 125. Rh7 Kc3 126. Bb1 Ra1 127. Rxc7+
Bxc7 128. Nxc7 Ra5 129. d6 Rg5 130. Bc2 Rg1+ 131. Bd1 Rg3 132. Nd5+ Kc4 133.
Nf6 Ra3 134. d7 Ra8 135. Bf3 Rd8 136. Kc2 Kd4 137. Bg4 Ke5 138. Ne8 Kf4 139.
Bh3 Ke5 140. Kd3 Ra8 141. Kc4 Ra4+ 142. Kc5 Rd4 143. Kc6 Rd3 144. Kc7 Rc3+ 145.
Kb7 Rd3 146. Kc8 Rxd7 147. Kxd7 Kd4 148. Ke6 Ke4 149. Nd6+ Kd4 150. Bf5 Kc3
151. Kd5 Kb4 {MissSilicon resigns} 1-0

[Event "ICS rated blitz match"]
[Site "204.178.125.65"]
[Date "2000.04.20"]
[Round "?"]
[White "MissSilicon"]
[Black "Hossa"]
[Result "1-0"]
[WhiteElo "2634"]
[BlackElo "2417"]
[PlyCount "58"]
[EventDate "2000.??.??"]

1. e4 e5 2. Nf3 Nc6 3. Bb5 a6 4. Bxc6 dxc6 5. Nc3 f6 6. d3 Bd6 7. Be3 Ne7 8.
Qe2 O-O 9. d4 exd4 10. Nxd4 f5 11. O-O-O fxe4 12. Qc4+ Kh8 13. Nxe4 b5 14. Qe2
Qd7 15. c4 Qe8 16. Nxd6 cxd6 17. Bg5 Ra7 18. Rhe1 Rf7 19. Nf3 Bg4 20. Rxd6 Bxf3
21. gxf3 Qb8 22. Red1 Rf8 23. Bxe7 Re8 24. Re6 Qxh2 25. Bc5 Rg8 26. Bxa7 Qc7
27. Qe4 Qh2 28. Rd8 Qg1+ 29. Kc2 Qg6 {Hossa resigns} 1-0

[Event "ICS rated blitz match"]
[Site "204.178.125.65"]
[Date "2000.04.20"]
[Round "?"]
[White "Hossa"]
[Black "Tinker"]
[Result "1/2-1/2"]
[WhiteElo "2410"]
[BlackElo "2400"]
[PlyCount "247"]
[EventDate "2000.??.??"]

1. e4 e5 2. Nf3 Nc6 3. Nc3 d6 4. Bb5 Bg4 5. d3 Nge7 6. Be3 h5 7. O-O a6 8. Ba4
b5 9. Bb3 Na5 10. Bg5 f6 11. Be3 Ng6 12. h3 Nxb3 13. axb3 Be6 14. d4 Bd7 15.
Qd2 h4 16. Rfd1 Be7 17. Nd5 Bc6 18. Nxe7 Qxe7 19. d5 Bb7 20. Qa5 c6 21. c4 cxd5
22. exd5 bxc4 23. bxc4 Qd7 24. Qa2 O-O 25. b4 Rfc8 26. c5 dxc5 27. bxc5 Qf7 28.
c6 Bxc6 29. dxc6 Rxc6 30. Qxf7+ Kxf7 31. Ra4 Rb8 32. Nxh4 Ne7 33. Nf3 Rb3 34.
Rda1 Nd5 35. Rxa6 Rxa6 36. Rxa6 Nxe3 37. fxe3 Rxe3 38. Nd2 Rd3 39. Ne4 Rd4 40.
Nd6+ Kg6 41. Kf1 Rd2 42. Nc4 Rd5 43. Ke1 Kg5 44. Nd6 Rd3 45. Rb6 Ra3 46. Rc6
Ra2 47. g3 Rb2 48. Rc7 g6 49. Nf7+ Kh5 50. Rc6 Rb1+ 51. Kd2 Rb2+ 52. Ke3 Rb3+
53. Kf2 Rb2+ 54. Kf1 Rb1+ 55. Ke2 Rb2+ 56. Kd1 Rf2 57. Ke1 Rf3 58. Kd2 Rxg3 59.
Rxf6 e4 60. Re6 Rxh3 61. Re5+ Kg4 62. Rxe4+ Kf5 63. Nd6+ Kf6 64. Re2 g5 65.
Rf2+ Kg6 66. Ke2 g4 67. Rf5 Rh2+ 68. Ke3 g3 69. Rf3 Rh3 70. Ke2 g2 71. Rf8
g1=N+ 72. Kd2 Nf3+ 73. Rxf3 Rxf3 74. Ke2 Rh3 75. Kd2 Kf6 76. Ne4+ Ke5 77. Nc5
Rg3 78. Nd3+ Ke4 79. Nc5+ Kd4 80. Ne6+ Ke5 81. Nc5 Kd5 82. Nd3 Kd4 83. Nf4 Ke4
84. Ne6 Rd3+ 85. Kc2 Rg3 86. Kd2 Re3 87. Nc5+ Kd4 88. Na4 Rb3 89. Kc1 Rb4 90.
Nb2 Rb5 91. Kc2 Rc5+ 92. Kb3 Rc7 93. Ka3 Rb7 94. Nd1 Rb6 95. Nb2 Rb5 96. Nd1
Rb7 97. Nb2 Rb6 98. Ka2 Rb5 99. Ka3 Kc3 100. Nd1+ Kd4 101. Nb2 Rb8 102. Na4 Kd3
103. Nb2+ Kc2 104. Nc4 Kc3 105. Na5 Rb6 106. Ka4 Kd4 107. Nb3+ Kd3 108. Nc1+
Kc4 109. Ka3 Rb1 110. Na2 Rb3+ 111. Ka4 Rb5 112. Nc1 Rb4+ 113. Ka3 Rb7 114. Na2
Rf7 115. Kb2 Rf2+ 116. Kb1 Rd2 117. Nc1 Kc3 118. Na2+ Kb3 119. Nc1+ Kc4 120.
Na2 Re2 121. Nc1 Rf2 122. Na2 Rd2 123. Nc1 Kc3 124. Na2+ 1/2-1/2

[Event "ICS rated blitz match"]
[Site "204.178.125.65"]
[Date "2000.04.20"]
[Round "?"]
[White "PostModernist"]
[Black "Hossa"]
[Result "1-0"]
[WhiteElo "2609"]
[BlackElo "2435"]
[PlyCount "137"]
[EventDate "2000.??.??"]

1. d4 d5 2. Nf3 Nf6 3. e3 e6 4. Bd3 c5 5. b3 Nc6 6. a3 cxd4 7. exd4 Bd6 8. O-O
O-O 9. Bb2 Bd7 10. Nbd2 Qc7 11. Re1 Rfc8 12. Ne5 Re8 13. Qf3 a6 14. Qg3 b6 15.
c4 Rec8 16. Ndf3 Na5 17. c5 Bxe5 18. dxe5 Ne4 19. Bxe4 dxe4 20. Ng5 Bc6 21.
cxb6 Qxb6 22. b4 Nc4 23. Bc3 e3 24. fxe3 Bd5 25. Qf4 Qb7 26. e4 Bc6 27. Bd4 Qd7
28. Nf3 Qb7 29. Bc5 a5 30. Rec1 Bb5 31. Nd4 Ba6 32. Rc3 Qd7 33. Rd1 Qa4 34.
Rdc1 Rc7 35. Rg3 g6 36. Qh6 Qd7 37. Rh3 f5 38. exf6 Ne5 39. Rd1 Ng4 40. Qg7+
Qxg7 41. fxg7 Bc8 42. Bf8 e5 43. Nb5 Rc2 44. Rc3 Rxc3 45. Nxc3 Bb7 46. bxa5 Nf6
47. Rb1 Nxe4 48. Rxb7 Nxc3 49. Bb4 Ne4 50. Kf1 Ng5 51. Be7 Ne4 52. Rb4 Nc3 53.
Bd6 e4 54. Rb8+ Rxb8 55. Bxb8 Nb5 56. a6 Kxg7 57. a4 Na3 58. a7 Nc4 59. a8=Q
Ne3+ 60. Ke2 Nf5 61. Be5+ Kf7 62. Qc8 Ke7 63. a5 h6 64. a6 h5 65. a7 Nd6 66.
Qc7+ Ke6 67. Qxd6+ Kf5 68. Qf6+ Kg4 69. Qf4# {Hossa checkmated} 1-0

[Event "ICS rated blitz match"]
[Site "204.178.125.65"]
[Date "2000.04.20"]
[Round "?"]
[White "Hossa"]
[Black "PostModernist"]
[Result "1-0"]
[WhiteElo "2426"]
[BlackElo "2618"]
[PlyCount "131"]
[EventDate "2000.??.??"]

1. e4 c6 2. d4 d5 3. Nc3 dxe4 4. Nxe4 Nd7 5. Ng5 Nb6 6. Bd3 g6 7. N1f3 Nh6 8.
O-O Bg7 9. c3 O-O 10. Ne4 Nf5 11. Be2 Qd5 12. Nfd2 Nh4 13. g3 Bh3 14. gxh4 f5
15. c4 Qxd4 16. Ng5 Bxf1 17. Kxf1 Rfb8 18. h5 Qh4 19. Ndf3 Qxh5 20. Ne6 Qh3+
21. Kg1 Rc8 22. Nfg5 Qh6 23. a4 Qh4 24. Ra3 Nxc4 25. Rh3 Qxh3 26. Nxh3 Nb6 27.
Qb3 Nd5 28. Qxb7 a5 29. Bf4 Bf6 30. Bc4 Nxf4 31. Nhxf4 Kh8 32. Ba6 Rab8 33. Qd7
Rg8 34. Nd3 Rb6 35. Bb7 c5 36. Nexc5 Rd6 37. Qc7 Rgd8 38. Qxa5 Rxd3 39. Nxd3
Rxd3 40. b4 Rd1+ 41. Kg2 Rd4 42. Bf3 Kg7 43. Qb6 g5 44. Qb8 g4 45. Be2 h5 46.
Kf1 f4 47. Kg1 f3 48. Bf1 Rd2 49. Qc7 Kf7 50. b5 Kg6 51. Qc1 Rb2 52. a5 Kg7 53.
a6 Ra2 54. Qc7 Bh4 55. Qe5+ Bf6 56. Qxh5 g3 57. hxg3 Ra4 58. Qe8 Kh6 59. b6 Ra3
60. Qf8+ Bg7 61. Qf4+ Kh7 62. b7 Bf6 63. b8=Q Ra5 64. Qf8 Bg7 65. Bd3+ Rf5 66.
Bxf5# 1-0

[Event "ICS rated blitz match"]
[Site "204.178.125.65"]
[Date "2000.04.20"]
[Round "?"]
[White "dingo13"]
[Black "Hossa"]
[Result "0-1"]
[WhiteElo "1971"]
[BlackElo "2450"]
[PlyCount "74"]
[EventDate "2000.??.??"]

1. e4 d5 2. exd5 Qxd5 3. Nc3 Qe5+ 4. Be2 Qg5 5. Bf3 Qe5+ 6. Nge2 e6 7. d4 Qd6
8. Bf4 Qd7 9. O-O Nf6 10. Re1 Be7 11. d5 exd5 12. Nd4 c6 13. Qe2 Kf8 14. Rad1
Bb4 15. a3 Be7 16. Nf5 Bc5 17. b4 Qxf5 18. bxc5 g5 19. Bd6+ Kg7 20. h3 Re8 21.
Qxe8 Nxe8 22. Rxe8 Nd7 23. Bg4 Qxc2 24. Bxd7 Bxd7 25. Rxa8 Qxc3 26. Rxa7 Qb2
27. Re1 Kg6 28. Re7 Qc1+ 29. Kh2 Be6 30. Rexb7 d4 31. Rb4 d3 32. Rd4 d2 33. Rc7
Bd5 34. h4 gxh4 35. Bf4 d1=Q 36. Bxc1 Qxd4 37. Be3 Qe5+ {dingo13 resigns} 0-1

[Event "ICS rated blitz match"]
[Site "204.178.125.65"]
[Date "2000.04.20"]
[Round "?"]
[White "Hossa"]
[Black "staal"]
[Result "1-0"]
[WhiteElo "2452"]
[BlackElo "1960"]
[PlyCount "44"]
[EventDate "2000.??.??"]

1. e4 c5 2. Nf3 Nc6 3. d4 cxd4 4. Nxd4 Nf6 5. Nc3 g6 6. Nxc6 bxc6 7. e5 Ng8 8.
Bc4 Bg7 9. Bf4 e6 10. Ne4 Ne7 11. Nd6+ Kf8 12. O-O Nd5 13. Bg3 Nc7 14. Qf3 Qe7
15. Bh4 f6 16. exf6 Qxd6 17. fxg7+ Kxg7 18. Bf6+ Kg8 19. Qc3 Nd5 20. Bxd5 exd5
21. Bxh8 Qf8 22. Bf6 d6 {staal resigns} 1-0

[Event "ICS rated blitz match"]
[Site "204.178.125.65"]
[Date "2000.04.20"]
[Round "?"]
[White "LeTiger"]
[Black "Hossa"]
[Result "0-1"]
[WhiteElo "2860"]
[BlackElo "2454"]
[PlyCount "142"]
[EventDate "2000.??.??"]

1. e4 e5 2. Nf3 Nc6 3. Bb5 a6 4. Bxc6 dxc6 5. O-O f6 6. d4 exd4 7. Nxd4 c5 8.
Nb3 Qxd1 9. Rxd1 Bg4 10. f3 Be6 11. Nc3 Bd6 12. Be3 b6 13. a4 O-O-O 14. a5 Kb7
15. e5 Be7 16. Rxd8 Bxd8 17. Ne4 Bxb3 18. cxb3 Be7 19. axb6 cxb6 20. b4 cxb4
21. Nd6+ Bxd6 22. exd6 Nh6 23. Bf4 Nf5 24. g4 Nd4 25. Kg2 Rc8 26. Re1 Rc2+ 27.
Kh3 Nc6 28. d7 g5 29. Bd6 Rd2 30. Re6 a5 31. Rxf6 a4 32. Rf7 Nd8 33. Rf6 a3 34.
bxa3 b3 35. Be5 b2 36. Bxb2 Rxb2 37. Rh6 Rb3 38. Kg3 Rxa3 39. Rxh7 Kc7 40. h4
gxh4+ 41. Rxh4 Ne6 42. d8=B+ Kxd8 43. Rh6 Kd7 44. g5 b5 45. Rh7+ Kd6 46. g6 Ra1
47. Kf2 b4 48. Rb7 Kc5 49. f4 Nxf4 50. g7 Ra8 51. Rc7+ Kd4 52. Rb7 Nd5 53. Ke2
Kc4 54. Rf7 Rg8 55. Kd2 Kb3 56. Kd3 Nf4+ 57. Rxf4 Rxg7 58. Rf6 Rd7+ 59. Ke4 Ka3
60. Ra6+ Kb2 61. Rb6 b3 62. Ke3 Kc2 63. Rc6+ Kb1 64. Ra6 b2 65. Ke2 Rd5 66. Ra7
Kc2 67. Rc7+ Kb3 68. Rb7+ Kc3 69. Rxb2 Kxb2 70. Ke3 Kc3 71. Ke4 Rc5 {
LeTiger resigns} 0-1

[Event "ICS rated blitz match"]
[Site "204.178.125.65"]
[Date "2000.04.20"]
[Round "?"]
[White "Hossa"]
[Black "Tinker"]
[Result "0-1"]
[WhiteElo "2483"]
[BlackElo "2418"]
[PlyCount "162"]
[EventDate "2000.??.??"]

1. e4 e5 2. Nf3 Nc6 3. Nc3 Nf6 4. Nxe5 Nxe5 5. d4 Ng6 6. e5 Ng8 7. Bc4 Bb4 8.
Qf3 Bxc3+ 9. bxc3 Qe7 10. O-O a6 11. g3 Ra7 12. a4 Qf8 13. Ba3 N8e7 14. a5 f6
15. exf6 gxf6 16. Rfe1 d6 17. Rab1 Kd8 18. Bd3 Nc6 19. Qh5 f5 20. Ra1 Nge7 21.
Bc1 Bd7 22. Bh6 Qe8 23. Qe2 Qg6 24. Qd2 Nd5 25. c4 Nf6 26. d5 Ne5 27. Be2 Ne4
28. Qc1 Kc8 29. Be3 Ra8 30. Qb2 Rb8 31. Bf4 Qf6 32. Rab1 h5 33. f3 Nc5 34. Bd1
Re8 35. Bxe5 Rxe5 36. Rxe5 Qxe5 37. Qxe5 dxe5 38. Ra1 Be8 39. c3 Bg6 40. Bc2
Kd7 41. Re1 Kd6 42. Kf2 b6 43. Rb1 Nd7 44. g4 hxg4 45. fxg4 Rf8 46. Kg2 bxa5
47. Ra1 Nb6 48. Bd3 a4 49. h4 Rg8 50. g5 f4 51. Be2 Rh8 52. Kh3 Kc5 53. Ra2
Bf5+ 54. Bg4 Bd3 55. h5 Kxc4 56. Ra3 Nxd5 57. Rxa4+ Kxc3 58. Kh4 Ne7 59. Ra3+
Kd4 60. h6 c5 61. Ra4+ Ke3 62. Ra3 c4 63. Be6 Kd4 64. Rxa6 c3 65. Ra7 c2 66.
Ra4+ Ke3 67. Ra1 Ra8 68. Rh1 Kd2 69. Kh5 Be4 70. Rf1 Bd3 71. Rh1 c1=Q 72. Rxc1
Kxc1 73. Kh4 Rf8 74. Bg4 f3 75. Kg3 f2 76. Bh3 Rf4 77. Kh2 Nf5 78. Bxf5 f1=Q
79. Bh3 Qf2+ 80. Kh1 Be4+ 81. Bg2 Qxg2# {Hossa checkmated} 0-1

[Event "ICS rated blitz match"]
[Site "204.178.125.65"]
[Date "2000.04.20"]
[Round "?"]
[White "QueenMaxima"]
[Black "Hossa"]
[Result "0-1"]
[WhiteElo "2497"]
[BlackElo "2464"]
[PlyCount "242"]
[EventDate "2000.??.??"]

1. d4 d5 2. c4 e6 3. Nc3 Nf6 4. Nf3 Bb4 5. Bg5 dxc4 6. e4 c5 7. Bxc4 cxd4 8.
Nxd4 Bxc3+ 9. bxc3 Qa5 10. Nb5 a6 11. Nd6+ Ke7 12. Qd2 Nc6 13. O-O Rd8 14.
Nxc8+ Raxc8 15. Bxf6+ Kxf6 16. Qf4+ Ke7 17. Qh4+ g5 18. Qh5 Qxc3 19. Qxg5+ Qf6
20. Qg3 Kf8 21. Rfd1 Nd4 22. Bf1 Rc3 23. f3 e5 24. Rac1 Rdc8 25. Rxc3 Rxc3 26.
Rb1 b5 27. a4 Rc5 28. axb5 axb5 29. Qh3 Kg7 30. Kh1 Qf4 31. Ra1 Rc1 32. Rxc1
Qxc1 33. Qg3+ Kf8 34. Qf2 b4 35. h3 b3 36. Kh2 b2 37. Bd3 b1=Q 38. Bxb1 Qxb1
39. Qh4 Qc1 40. Qxh7 Qf4+ 41. Kg1 Qf6 42. Kf2 Ne6 43. Qf5 Qxf5 44. exf5 Nf4 45.
h4 Kg7 46. g4 Kh6 47. Kf1 f6 48. Kf2 Kg7 49. Ke3 Kg8 50. Kf2 Kh7 51. h5 Kh8 52.
Ke1 Kg8 53. Kd2 Kg7 54. Ke3 Nh3 55. Ke2 Kf7 56. Kf1 Nf4 57. Ke1 Kg7 58. Kf2 Kg8
59. Ke1 Kf7 60. Kf1 Ke8 61. Kf2 Kf8 62. Ke3 Kf7 63. Kf2 Nd5 64. Kg2 Nc3 65. Kf2
Kg7 66. Ke3 Kh7 67. Kd3 Nd5 68. Kd2 Nf4 69. Kd1 Kg7 70. Kc2 Nd5 71. Kd3 Kf7 72.
Ke4 Nf4 73. Ke3 Kf8 74. Kd2 Nd5 75. Ke2 Kg8 76. Kf2 Kf8 77. Ke2 Ke8 78. Kd3
Nf4+ 79. Ke3 Nh3 80. Ke2 Kf8 81. Kf1 Nf4 82. Ke1 Ke7 83. Kd2 Nd5 84. Kd3 Ke8
85. Ke4 Nc3+ 86. Kd3 Nb5 87. Ke2 Nd6 88. Kd3 Kf8 89. Kd2 Nf7 90. Ke2 Kg7 91.
Ke3 Kh6 92. Ke4 Ng5+ 93. Ke3 Nh3 94. Ke2 Kg5 95. Ke3 Kh4 96. Ke2 Kg3 97. Ke3
Ng5 98. h6 Kg2 99. Ke2 Kg1 100. Ke3 Kf1 101. f4 exf4+ 102. Kxf4 Kf2 103. h7
Nxh7 104. g5 Nxg5 105. Kg4 Ke3 106. Kh5 Kf4 107. Kh4 Nf3+ 108. Kh3 Kxf5 109.
Kg2 Ke4 110. Kf2 f5 111. Ke2 Nd4+ 112. Ke1 f4 113. Kf2 f3 114. Kg3 Ke3 115. Kh2
f2 116. Kg2 Ke2 117. Kh3 f1=Q+ 118. Kg4 Ne6 119. Kh5 Qg1 120. Kh4 Kf2 121. Kh5
Qg5# 0-1

[Event "ICS rated blitz match"]
[Site "204.178.125.65"]
[Date "2000.04.20"]
[Round "?"]
[White "Hossa"]
[Black "QueenMaxima"]
[Result "0-1"]
[WhiteElo "2482"]
[BlackElo "2479"]
[PlyCount "118"]
[EventDate "2000.??.??"]

1. e4 c5 2. Nf3 d6 3. d4 cxd4 4. Nxd4 Nf6 5. Nc3 a6 6. Bg5 e6 7. f4 Qb6 8. Qd2
Qxb2 9. Rb1 Qa3 10. f5 b5 11. Bd3 h6 12. Bh4 b4 13. Nce2 e5 14. Nb3 Nbd7 15.
O-O Bb7 16. Ng3 d5 17. exd5 Bxd5 18. Bxf6 Nxf6 19. Rfe1 Nd7 20. Ra1 Rc8 21. Nh5
Rc7 22. Nf4 Bb7 23. Nh5 Qb2 24. Qe2 f6 25. Nf4 Nc5 26. Qh5+ Kd8 27. Reb1 Qa3
28. Ng6 Nxd3 29. Rd1 Rg8 30. Rxd3+ Kc8 31. Nxe5 Qa4 32. Qd1 Bc5+ 33. Nxc5 Rxc5
34. Nf7 Kb8 35. Rd2 Qa5 36. Nd6 Bd5 37. Rd4 Qb6 38. Rb1 a5 39. c4 Bxc4 40. Kh1
Bxa2 41. Ra1 b3 42. Ne4 Rc6 43. Ra4 Rgc8 44. R4xa2 bxa2 45. Nd2 Qd4 46. Nb3
Qxd1+ 47. Rxd1 a4 48. Na1 Rc1 49. Rg1 Rxg1+ 50. Kxg1 Rc1+ 51. Kf2 Rxa1 52. g4
a3 53. g5 Rc1 54. gxh6 a1=Q 55. hxg7 Qd4+ 56. Ke2 Rc2+ 57. Kf3 Rf2+ 58. Kg3
Qf4+ 59. Kh3 Rxh2# {Hossa checkmated} 0-1

[Event "ICS rated standard match"]
[Site "204.178.125.65"]
[Date "2000.04.20"]
[Round "?"]
[White "Hossa"]
[Black "nicolas"]
[Result "1/2-1/2"]
[WhiteElo "2339"]
[BlackElo "1978"]
[PlyCount "168"]
[EventDate "2000.??.??"]

1. e4 c5 2. Nf3 d6 3. d4 cxd4 4. Nxd4 Nf6 5. Nc3 a6 6. Bg5 e6 7. f4 Qb6 8. Qd2
Qxb2 9. Rb1 Qa3 10. f5 Nc6 11. fxe6 fxe6 12. Nxc6 bxc6 13. e5 dxe5 14. Bxf6
gxf6 15. Ne4 Be7 16. Be2 h5 17. Rb3 Qa4 18. Nxf6+ Bxf6 19. c4 Bh4+ 20. g3 Be7
21. O-O h4 22. Qd1 Bc5+ 23. Kh1 Bd4 24. Qc2 Kd8 25. Qg6 Bd7 26. Qg7 Re8 27. Rf7
c5 28. Bf3 e4 29. Qg5+ Kc8 30. Bxe4 Qxa2 31. Rb7 Qa1+ 32. Kg2 Qg1+ 33. Kh3 hxg3
34. Rbxd7 Rh8+ 35. Rh7 Rxh7+ 36. Rxh7 Qxh2+ 37. Kg4 Qxh7 38. Bxh7 g2 39. Qg8+
Kd7 40. Qxa8 g1=Q+ 41. Kh5 Qh2+ 42. Kg4 Ke7 43. Qb7+ Kf6 44. Qf3+ Kg7 45. Be4
a5 46. Qg3 Qxg3+ 47. Kxg3 Kf6 48. Bc6 Ke5 49. Kf3 Bc3 50. Ke3 Kd6 51. Ba4 Ke5
52. Bc6 Bd4+ 53. Kf3 Kd6 54. Ba4 e5 55. Bc2 Ke6 56. Ba4 Kf6 57. Bd7 Kg5 58. Be8
Kf6 59. Bd7 Kg5 60. Be8 Kf6 61. Bd7 Ke7 62. Ba4 Kd6 63. Bc2 Kc7 64. Ke2 Kb6 65.
Kd2 Kc7 66. Ke2 Kd8 67. Kf3 Ke7 68. Ba4 Kf6 69. Bd7 Kg5 70. Be8 Kh4 71. Ba4 Bc3
72. Ke4 Kg3 73. Ke3 Bd4+ 74. Kd3 Kf4 75. Bc6 a4 76. Bxa4 e4+ 77. Ke2 e3 78. Bc6
Kg3 79. Bd7 Kf4 80. Bc6 Kg3 81. Bd7 Kf4 82. Bc6 Kg3 83. Bd7 Kf4 84. Bc6 Kg3
1/2-1/2

[Event "ICS rated blitz match"]
[Site "204.178.125.65"]
[Date "2000.04.20"]
[Round "?"]
[White "MissSilicon"]
[Black "Hossa"]
[Result "1-0"]
[WhiteElo "2574"]
[BlackElo "2466"]
[PlyCount "115"]
[EventDate "2000.??.??"]

1. d4 d5 2. c4 e6 3. Nc3 Nf6 4. Bg5 Be7 5. e3 O-O 6. Nf3 h6 7. Bh4 Ne4 8. Bxe7
Qxe7 9. cxd5 Nxc3 10. bxc3 exd5 11. Qb3 Rd8 12. Bd3 c5 13. Qa3 b6 14. Ne5 Bb7
15. O-O Nd7 16. Nxd7 Qxd7 17. dxc5 Qc6 18. Rab1 d4 19. e4 dxc3 20. Qxc3 bxc5
21. f3 Rab8 22. Be2 Qc7 23. Qa3 Rd2 24. Bc4 a6 25. Qb3 Rdd8 26. Qb6 Qe5 27.
Rfd1 Rd4 28. Rdc1 Rd7 29. Kh1 Ra8 30. Rd1 Rc7 31. Rd6 Qe7 32. Rbd1 a5 33. Bb5
Rb8 34. Bd7 Qd8 35. e5 Kh8 36. e6 fxe6 37. Bxe6 Qe7 38. Bd7 Rbc8 39. Bxc8 Bxc8
40. Rd8+ Kh7 41. Qb1+ g6 42. Qb8 Kg7 43. Qb2+ Kf7 44. Rh8 Be6 45. Rh7+ Kf8 46.
Qh8+ Bg8 47. Rxe7 Rxe7 48. Rd8+ Re8 49. Qxh6+ Ke7 50. Qh4+ g5 51. Qxg5+ Kf8 52.
Qxc5+ Kg7 53. Rxe8 Bf7 54. Qg5+ Kh7 55. Re7 Kh8 56. Qf6+ Kh7 57. Rxf7+ Kg8 58.
Qg7# {Hossa checkmated} 1-0

[Event "ICS rated standard match"]
[Site "204.178.125.65"]
[Date "2000.04.20"]
[Round "?"]
[White "MissSilicon"]
[Black "Hossa"]
[Result "1/2-1/2"]
[WhiteElo "2432"]
[BlackElo "2327"]
[PlyCount "111"]
[EventDate "2000.??.??"]

1. e4 e5 2. Nf3 Nc6 3. Bb5 a6 4. Ba4 Nf6 5. O-O Nxe4 6. d4 b5 7. Bb3 d5 8. dxe5
Be6 9. Qe2 Be7 10. Rd1 O-O 11. c4 bxc4 12. Bxc4 Bc5 13. Be3 Bxe3 14. Qxe3 Qb8
15. Bb3 Qb4 16. Nbd2 Nc5 17. a3 Qb5 18. Bc2 Rfd8 19. Nd4 Nxd4 20. Qxd4 Nd7 21.
Nf3 c5 22. Qh4 h6 23. b4 a5 24. bxc5 Qxc5 25. Rdc1 Qa7 26. Rab1 Rdc8 27. Qf4
Rc4 28. Qd2 Nc5 29. Qe3 Rc8 30. Bb3 Rxc1+ 31. Rxc1 Rc7 32. Bc2 Rc8 33. Rb1 Qc7
34. Nd4 Bd7 35. Nf5 Bxf5 36. Bxf5 Re8 37. f4 Rd8 38. Qd4 g6 39. Bg4 Ne4 40. h3
Qc2 41. Qb6 Re8 42. Qb5 Qf2+ 43. Kh1 Rf8 44. e6 Ng3+ 45. Kh2 Qxf4 46. exf7+ Kh7
47. Be6 Nf1+ 48. Kg1 Nd2 49. Qc5 Nxb1 50. Qxf8 Qe3+ 51. Kh1 Qe1+ 52. Kh2 Qe5+
53. Kg1 Qe1+ 54. Kh2 Qe5+ 55. Kg1 Qe1+ 56. Kh2 1/2-1/2

[Event "ICS rated blitz match"]
[Site "204.178.125.65"]
[Date "2000.04.20"]
[Round "?"]
[White "dorianblack"]
[Black "Hossa"]
[Result "0-1"]
[WhiteElo "2130"]
[BlackElo "2455"]
[PlyCount "132"]
[EventDate "2000.??.??"]

1. d4 d5 2. c4 e6 3. Nc3 Nf6 4. Bg5 Be7 5. Nf3 O-O 6. e3 Nbd7 7. Qc2 h6 8. Bh4
c5 9. Rd1 cxd4 10. Nxd4 Ne5 11. Bxf6 Bxf6 12. cxd5 exd5 13. Nb3 Be6 14. e4 Nc6
15. Nxd5 Bxd5 16. exd5 Nb4 17. Qc5 Re8+ 18. Be2 Re4 19. d6 b6 20. Qh5 Nxa2 21.
O-O Bxb2 22. Bf3 Re5 23. Qg4 Rb8 24. Rd2 Rg5 25. Qa4 Nc3 26. Qa6 Nb5 27. Bc6
Bc3 28. Rd3 Nxd6 29. Rxc3 Qe7 30. Re3 Qc7 31. Rc1 Rf8 32. Bf3 Qd7 33. h4 Rg6
34. Nd4 Rc8 35. Rxc8+ Nxc8 36. h5 Rf6 37. Re1 Ne7 38. Nb5 Rxf3 39. gxf3 Nc6 40.
Rc1 g6 41. hxg6 fxg6 42. Qa4 Qd5 43. Qg4 Ne5 44. Rc8+ Kg7 45. Rc7+ Nf7 46. Nxa7
h5 47. Qg3 Qd4 48. Qh3 Qf4 49. Qg3 Qd4 50. Kg2 h4 51. Qh3 Qf6 52. Qd7 Qg5+ 53.
Kf1 Qf6 54. Qxf7+ Qxf7 55. Rxf7+ Kxf7 56. Nb5 Ke6 57. Kg2 g5 58. Kh3 Kf5 59.
Nd4+ Kf4 60. Ne2+ Kxf3 61. Nd4+ Kxf2 62. Kg4 Kg2 63. Kxg5 h3 64. Nf5 h2 65.
Nh4+ Kg3 66. Nf5+ Kf2 {dorianblack resigns} 0-1

[Event "ICS rated standard match"]
[Site "204.178.125.65"]
[Date "2000.04.20"]
[Round "?"]
[White "Hossa"]
[Black "PostModernist"]
[Result "0-1"]
[WhiteElo "2332"]
[BlackElo "2385"]
[PlyCount "122"]
[EventDate "2000.??.??"]

1. e4 c5 2. Nf3 d6 3. d4 Nf6 4. Nc3 cxd4 5. Nxd4 Nc6 6. Bg5 e6 7. Bb5 Bd7 8.
O-O Be7 9. Nb3 Qc7 10. Qd2 h6 11. Bh4 g5 12. Bg3 Nh5 13. Rad1 Nxg3 14. fxg3
Qb6+ 15. Rf2 Ne5 16. Bxd7+ Nxd7 17. Qd3 a6 18. Qf1 Ne5 19. Rd4 Qa7 20. Kh1 h5
21. Ra4 O-O-O 22. Nd4 Qb6 23. Qc1 h4 24. gxh4 Rxh4 25. g3 Rh3 26. Qf1 Rdh8 27.
Rg2 Qxb2 28. Nd1 Qb1 29. a3 Ng4 30. Nf3 Kb8 31. c3 Qb6 32. Rb2 Qc6 33. Rc4 Qd7
34. Rg2 d5 35. Rd4 Bxa3 36. e5 f5 37. exf6 e5 38. Rxg4 Qxg4 39. Nxe5 Qh5 40.
Nf3 Bd6 41. Kg1 Bc5+ 42. Kh1 Qg6 43. Ng1 R3h7 44. Re2 Bd6 45. Qf3 g4 46. Qe3
Qxf6 47. Rg2 Qf5 48. Nf2 Ka8 49. c4 dxc4 50. Ne4 Bb8 51. Qd4 Ba7 52. Qxc4 Re7
53. Nd6 Qb1 54. h4 gxh3 55. Qh4 hxg2+ 56. Kxg2 Qxg1+ 57. Kf3 Qf1+ 58. Kg4 Rg7+
59. Qg5 Rxg5+ 60. Kxg5 Rg8+ 61. Kh5 Qh3# {Hossa checkmated} 0-1